Zariadenia FACTS v elektrizačných sústavách

Salvato in:
Dettagli Bibliografici
Autore principale: Meško, Branislav (Autore)
Altri autori: Eleschová, Žaneta (Relatore della tesi)
Natura: Manoscritto Libro
Lingua:slovacco
Pubblicazione: 2017
Soggetti:
Accesso online:http://is.stuba.sk/zp/portal_zp.pl?podrobnosti=131096
Tags: Aggiungi Tag
Nessun Tag, puoi essere il primo ad aggiungerne!!

MARC

LEADER 00000ntm a22000003a 4500
001 stuzp55064
003 SK-STU
005 20170726124214.6
007 ta
008 150427s2015----xo-----f-mn---000-0-slo-d
040 |a STU  |b slo 
041 0 |a slo 
044 |a xo 
100 1 |a Meško, Branislav  |u 032000  |4 aut  |U FEI Fakulta elektrotechniky a informatiky  |T FEI Ústav elektroenergetiky a aplikovanej elektrotechniky  |X 47384  |U E020  |Y 548  |7 47384 
242 0 1 |a FACTS devices in power systems  |y eng 
245 1 0 |a Zariadenia FACTS v elektrizačných sústavách 
260 |c 2017 
300 |a 44 s. 
650 4 |a Prenosové vedenia  |2 slo 
650 4 |a Parametrická kompenzácia  |2 slo 
650 4 |a Sériová kompenzácia  |2 slo 
650 4 |a Prenosová sústava  |2 slo 
650 4 |a Paralelná kompenzácia  |2 slo 
650 4 |a FACTS  |2 slo 
650 4 |a Transmission grid  |2 eng 
650 4 |a Transmission lines  |2 eng 
650 4 |a Parametric compensation  |2 eng 
650 4 |a Series compensation  |2 eng 
650 4 |a Shunt compensation  |2 eng 
650 4 |a FACTS  |2 eng 
700 1 |a Eleschová, Žaneta  |u 032000  |k Z1  |4 ths  |U FEI Fakulta elektrotechniky a informatiky  |T FEI Ústav elektroenergetiky a aplikovanej elektrotechniky  |X 1875  |U E020  |Y 548  |7 A000001875 
856 4 |u http://is.stuba.sk/zp/portal_zp.pl?podrobnosti=131096 
996 |b 284ER02425  |c E*Bc- 2425  |l EE32  |s P  |a 0  |w stuzp55064_0001